Quizzes
Events
Quiz Creation
Community
Videos
Private Events
Remove Ads
Sign In
Join for FREE
Feedback
Dark Mode
Quiz Categories
Sports
Geography
Music
Movies
Television
Just For Fun
Miscellaneous
History
Literature
Language
Science
Gaming
Entertainment
Religion
Holiday
For Kids
Quiz Lab
Recent
Popular Today
Quiz Kudos Today
Editor Picks
Curator Picks
Quizzes by...
Day
Popularity
Type
Ratings
Length
Year
Community
Subscriptions
Recent Discussions
Orange Saloon
Badges
Playlists
Quests
Create
Leaderboards
Showdown
Live 5
Trivia Bingo
Activity
Puzzle Library
Sporcle Events
Private Events
Virtual Trivia
Globe League
Become a Host
Pub Owners
SporcleCon
Opinionation
Our Games
Videos
Blog
Mobile Apps
Partnerships
Remove Ads and Go Orange
Feedback
Sports
Athletes
MLB
NBA
NHL
NFL
Soccer
Sports Teams
WWE
NCAA
Football
Premier League
Basketball
Baseball
Hockey
Golf
Tennis
Cricket
Rugby
Auto Racing
Olympics
World Cup
Sports
Athletes
MLB
NBA
NHL
NFL
Soccer
Sports Teams
WWE
NCAA
Football
Premier League
Basketball
Baseball
Hockey
Golf
Tennis
Cricket
Rugby
Auto Racing
Olympics
World Cup
Random Quiz
Search Sporcle
×
Quiz Lab
Quiz Lab
Sports
NBA
Type in answers that appear in a list
Type in answers that appear in a list
Classic
Best Score? Go Orange.
Top 52 nba players 2019-20 Stats
Can you name the top 57 nba players 2019-20?
By
elislyoung
15m
52 Questions
19 Plays
19 Plays
19 Plays
Comments
Comments
Give Quiz Kudos
Give Quiz Kudos
-
- Ratings
hide this ad
Wrong Answers
Some wrong answers will appear in red
Some wrong answers will appear in red
Replay
Link that replays current quiz
Next Quiz
Link to next quiz in quiz playlist
You Got
0%
They Got
Avg Score
94%
Avg Friend Score
Upgrade to see
Score Distribution
Jump to the score distribution portion of the page
Score
0/52
Timer
15:00
0
Plays Today
team
player
% Correct
la clippers
???
100%
golden state warriors
???
100%
la lakers
???
100%
houston rockets
???
100%
la clippers
???
100%
portland trailblazers
???
100%
la lakers
???
100%
brooklyn nets
???
100%
denver nuggets
???
100%
philadelphia 76ers
???
100%
Utah Jazz
???
100%
washington wizards
???
100%
houston Rockets
???
100%
san antonio spurs
???
100%
miami heat
???
100%
golden state warriors
???
100%
golden state warriors
???
100%
san antonio spurs
???
100%
philadelphia 76ers
???
100%
utah jazz
???
100%
Toronto raptors
???
100%
dallas mavericks
???
100%
dallas mavericks
???
100%
denver nuggets
???
100%
atlanta hawks
???
100%
orlando magic
???
100%
team
player
% Correct
milwakuee bucks
???
94.7%
Boston Celtics
???
94.7%
detroit pistons
???
94.7%
indiana pacers
???
94.7%
minnesota timberwolves
???
94.7%
sacramento kings
???
94.7%
phoenix suns
???
94.7%
portland trailblazers
???
94.7%
boston celtics
???
94.7%
orlando magic
???
94.7%
oklahoma city thunder
???
94.7%
detroit pistons
???
94.7%
la clippers
???
94.7%
boston celtics
???
94.7%
cleveland cavaliers
???
94.7%
toronto raptors
???
89.5%
milwakuee bucks
???
89.5%
chicago bulls
???
89.5%
indiana pacers
???
89.5%
sacramento kings
???
89.5%
philadelphia 76ers
???
89.5%
utah jazz
???
84.2%
new york knicks
???
84.2%
new orleans pelicans
???
84.2%
brooklyn nets
???
63.2%
utah jazz
???
57.9%
Quiz Playlist
Details
Report
Send in Message
Add To Playlist
Classic:
Type in answers that appear in a list
Wrong Answers:
Some wrong answers will appear in red
Last Updated: Sep 24, 2019
Quiz Scoreboard
CHALLENGE
Sign Up to Join the Scoreboard
Show All
Scores
Hide
Comments
May contain spoilers
Recently Published
Movies - When Are They Set?
by FPL_Elf
Movies
5m
Popular People in 1961
by mucciniale
History
6m
1-10 Letter E Words III
by El_Dandy
Language
2m
More to Explore
Quiz From the Vault
Featured Blog Post
Where Did the Easter Bunny Come From?
hide this ad
You Might Also Like...
Tags
NBA Quiz
Player
team
Today's Top Quizzes in Sports
Browse Sports
hide this ad
Today's Top Quizzes in NBA
Browse NBA
Top Contributed Quizzes in Sports
1
Les meilleurs buteurs des matchs entre le PSG et l’OM
2
2022 World Cup Stars
3
FIFA Club World Cup Champions
4
Les entraîneurs de l'OM et du PSG au 21e siècle
5
Name the Premier League winners with different clubs
6
La finale Lions - Afrique du Sud 2021
7
Criteria MLB: Left Handed Sluggers
8
Les joueurs passés par le LOSC et le RC Lens
9
Players with Multiple 50 Home Run Seasons
10
MLB Players with Two .350 Batting Average Seasons
Explore More
Trending Topics
Disney
Marvel
Crossword
NBA
Anime
Harry Potter
Kpop
Country
WWE
Puzzle
Song
NFL
The Office
Soccer
Pokémon
hide this ad
More By:
elislyoung
Quiz
Plays
Rating
Category
Featured
Created
My favourite 30 nba players 18-19
194
1.00
Sports
Oct 3, 2018
top 52 nba players 2019-20
19
1.33
Sports
Sep 24, 2019
Go to Creator's Profile
Score Distribution
Quiz Creator Spotlight
elislyoung
Follow
Send a Message
Quizzes Created
-
Created Quiz Play Count
-
More By This Creator
Popular Quizzes Today
1
Find the Countries of Europe - No Outlines Minefield
2
Find the US States - No Outlines Minefield
3
The Countries of the World
4
Popular People in 1961
5
US States
6
1-10 Letter E Words III
7
Find the US States
8
One Thing in Common: World Cities II
More Sports Quizzes
English Football Champions By Count
Quiz Lab
Trending Quizzes
Risky Map Clicking: Least Populous States A-Z
1-10 Letter F Words
1-10 Letter G Words
One Thing in Common: United Kingdom
Risky Map Clicking: Next State Alphabetically
Recently Updated
Leaping Animals
pecheneg
Reality TV Shows (A-Z)
bhenderson79
Rickey Henderson's Hall of Fame Teammates
pecheneg
Champions League XIs: Arsenal
pecheneg
Quick Pick: Celebrities in WWE's Hall of Fame
aduchscher
A-Z Keypad Blitz II
pecheneg
Multiple Oscar Actors
pecheneg
Mystery Phrase Blitz: Oscar 'Best Actors'
pecheneg
F. Scott Fitzgerald Novels
LTH
Pick 3 Villains
ddd62291
Trending Topics
Disney
NBA
Kpop
Marvel
Anime
Crossword
Harry Potter
The Office
Pokémon
WWE
Song
Country
Puzzle
Soccer
NFL
Your Account Isn't Verified!
In order to create a playlist on Sporcle, you need to verify the email address you used during registration. Go to your
Sporcle Settings
to finish the process.
Report this User
Report this user for behavior that violates our
Community Guidelines
.
Details:
Send Report
Go to the Sporcle.com Mobile Site →
Comments